000 00672nam a2200205Ia 4500
005 20220209102024.0
008 210716s2004 xx 000 0 und d
020 _a9788131506790
040 _cAIMIT LIBRARY
041 _aeng
082 _a658.4006
_21
_bDAFR
100 _aDaft, Richard L.
_918213
245 _aOrganizational theory change and design /
_cBy Richard L. Daft.
250 _a1st ed.
260 _aNew Delhi :
_bCengage Learning India Pvt Ltd ,
_c2004.
300 _a510p. ;
_c24 cm.
650 _aOrganizational purpose and structural design
_918214
650 _aManufacturing and service technologies
_918215
942 _2ddc
_cBK
_e1st
_k658.4006 DAFR
999 _c204120
_d204120